<?xml version="1.0" encoding="UTF-8"?><?xml-stylesheet type="text/xsl" href="static/style.xsl"?><OAI-PMH xmlns="http://www.openarchives.org/OAI/2.0/" xmlns:xsi="http://www.w3.org/2001/XMLSchema-instance" xsi:schemaLocation="http://www.openarchives.org/OAI/2.0/ http://www.openarchives.org/OAI/2.0/OAI-PMH.xsd"><responseDate>2026-05-14T12:09:38Z</responseDate><request verb="GetRecord" identifier="oai:riubu.ubu.es:10259/6290" metadataPrefix="marc">https://riubu.ubu.es/oai/request</request><GetRecord><record><header><identifier>oai:riubu.ubu.es:10259/6290</identifier><datestamp>2021-12-31T01:00:15Z</datestamp><setSpec>com_10259.4_103</setSpec><setSpec>com_10259.4_1</setSpec><setSpec>com_10259_2604</setSpec><setSpec>col_10259_6276</setSpec></header><metadata><record xmlns="http://www.loc.gov/MARC21/slim" xmlns:doc="http://www.lyncode.com/xoai" xmlns:xsi="http://www.w3.org/2001/XMLSchema-instance" xmlns:dcterms="http://purl.org/dc/terms/" xsi:schemaLocation="http://www.loc.gov/MARC21/slim http://www.loc.gov/standards/marcxml/schema/MARC21slim.xsd">
<leader>00925njm 22002777a 4500</leader>
<datafield tag="042" ind1=" " ind2=" ">
<subfield code="a">dc</subfield>
</datafield>
<datafield tag="720" ind1=" " ind2=" ">
<subfield code="a">Alonso Fernández, Carmen</subfield>
<subfield code="e">author</subfield>
</datafield>
<datafield tag="720" ind1=" " ind2=" ">
<subfield code="a">Jimenez Echevarría, Javier</subfield>
<subfield code="e">author</subfield>
</datafield>
<datafield tag="260" ind1=" " ind2=" ">
<subfield code="c">2015</subfield>
</datafield>
<datafield tag="520" ind1=" " ind2=" ">
<subfield code="a">Los cenizales forman parte indisoluble del paisaje de&#xd;
los principales castros de la Segunda Edad del Hierro del área celtibérica,&#xd;
y también vetona, si bien su rápida formación presenta clarooscuros&#xd;
en su atribución como escombreras resultantes de la reorganización&#xd;
urbana. Se presentan los resultados obtenidos a partir de&#xd;
la excavación arqueológica realizada en un sector del yacimiento&#xd;
Saúco de la localidad de Ubierna (Burgos), y la corresponsabilidad&#xd;
de otros depósitos similares de los castros de Monasterio de Rodilla y&#xd;
Los Ausines que jalonan pequeñas sierras donde se abren vías de&#xd;
comunicación. Nuevas propuestas arqueológicas podrían vincular su&#xd;
génesis con la celebración de mercados comarcales, conformando así&#xd;
potentes depósitos que han interactuado decisivamente en el paisaje&#xd;
histórico.</subfield>
</datafield>
<datafield tag="520" ind1=" " ind2=" ">
<subfield code="a">The ashpits form an integral part of the landscape of&#xd;
the main hillforts of the Second Iron Age on celtiberian and veton&#xd;
areas, although its rapid formation presents some shades in his&#xd;
assignment from the urban reorganization. The results obtained from&#xd;
the archaeological excavation of the site Saúco (Ubierna, Burgos) are&#xd;
presented here, and the correspondence of other similar deposits of hillforts of Monasterio de Rodilla and Los Ausines, all are occupying&#xd;
small mountains where it open natural roads. New archaeological&#xd;
proposals could link its genesis with the celebration of local markets,&#xd;
thus forming powerful deposits that have interacted decisively in&#xd;
the historic landscape.</subfield>
</datafield>
<datafield tag="024" ind2=" " ind1="8">
<subfield code="a">0211-8998</subfield>
</datafield>
<datafield tag="024" ind2=" " ind1="8">
<subfield code="a">http://hdl.handle.net/10259/6290</subfield>
</datafield>
<datafield ind1=" " ind2=" " tag="653">
<subfield code="a">Celtibérico pleno</subfield>
</datafield>
<datafield ind1=" " ind2=" " tag="653">
<subfield code="a">Ubierna</subfield>
</datafield>
<datafield ind1=" " ind2=" " tag="653">
<subfield code="a">Cenizal</subfield>
</datafield>
<datafield ind1=" " ind2=" " tag="653">
<subfield code="a">Castro</subfield>
</datafield>
<datafield ind1=" " ind2=" " tag="653">
<subfield code="a">Paleoambiente</subfield>
</datafield>
<datafield ind1=" " ind2=" " tag="653">
<subfield code="a">Iberia</subfield>
</datafield>
<datafield ind1=" " ind2=" " tag="653">
<subfield code="a">Celtiberian</subfield>
</datafield>
<datafield ind1=" " ind2=" " tag="653">
<subfield code="a">Ashpit</subfield>
</datafield>
<datafield ind1=" " ind2=" " tag="653">
<subfield code="a">Hillforts</subfield>
</datafield>
<datafield ind1=" " ind2=" " tag="653">
<subfield code="a">Paleoenvironment</subfield>
</datafield>
<datafield tag="245" ind1="0" ind2="0">
<subfield code="a">El cenizal celtibérico del yacimiento Saúco (Ubierna, Burgos): una interpretación arqueológica y paleoambiental</subfield>
</datafield>
</record></metadata></record></GetRecord></OAI-PMH>